La posdata comunista
-д хадгалсан:
| Үндсэн зохиолч: | |
|---|---|
| Бусад зохиолчид: | |
| Формат: | Ном |
| Хэл сонгох: | англи |
| Хэвлэсэн: |
Buenos Aires, Argentina
Cruce
2015
|
| Хэвлэл: | Primera edición |
| Нөхцлүүд: | |
| Шошгууд: |
Шошго нэмэх
Шошго байхгүй, Энэхүү баримтыг шошголох эхний хүн болох!
|
MARC
| LEADER | 00000nam a22000007a 4500 | ||
|---|---|---|---|
| 003 | CL-VaPUC | ||
| 005 | 20210615122518.0 | ||
| 008 | 210304b ||||| |||| 00| 0 eng d | ||
| 999 | |c 432608 |d 432606 | ||
| 020 | |a 9789874563712 | ||
| 040 | |c Pontificia Universidad Católica de Valparaíso | ||
| 082 | |a 306.44947 GRO 2015 | ||
| 100 | 1 | |a Groys, Boris |9 859814 | |
| 245 | 1 | 3 | |a La posdata comunista |
| 250 | |a Primera edición | ||
| 260 | |a Buenos Aires, Argentina |b Cruce |c 2015 | ||
| 300 | |a 87 páginas | ||
| 583 | |c 20210304 |k Cristina Rojas | ||
| 650 | |a Comunismo y lingüística |z Unión soviética |9 860713 | ||
| 650 | |a Postcomunismo |x Aspectos sociales |9 860714 | ||
| 700 | |a Mársico, Griselda |e traductora |9 859815 | ||
| 942 | |2 ddc |c BK | ||
| 952 | |0 0 |1 0 |2 ddc |4 0 |6 306_449470000000000_GRO_2015 |7 0 |9 577602 |a FDOPOS |b FDOPOS |d 2021-03-04 |i 5620449 |o 306.44947 GRO 2015 |p 5620449 |r 2025-01-22 |t 1 |w 2021-03-04 |y BK |k DLH | ||